000 00421nam a2200181Ia 4500
001 9720
005 20260306161739.0
008 260306t2013||||xx |||||||||||||| ||spa||
041 _aESP
082 _a410
_bB24 2013
100 _aBarakat de Carpio, Carmen
_eAUT
245 0 _aCuaderno de trabajo de comunicación I
260 _c2013
300 _a
_c
650 _aGEN
654 _aCHU
942 _cLIB
_dJUS
_fJUS
_2ddc
_n
999 _c9720
_d9720